000 00845nas a2200301 4500
001 BR9200963
003 BR-BrBNA
005 20231205092330.0
007 ta
008 230509b bl.|||p| |||| 00| 00por d
040 _aBR-BrBNA
_bpor
_cBiblioteca Nacional de Agricultura
041 _a(Pt)
072 _aQ02; P34
100 1 _aSouza, L.G. de
100 1 _aGoldoni, J.S.
100 1 _aCosta, S.M. da
100 1 _aSilva, A.A. da
245 1 _aBolores e leveduras em acucar cristal superior
650 _aACUCAR
650 _aFERMENTO
650 _aMICROBIOLOGIA DO SOLO
650 _aMICROFLORA
650 _aMICRORGANISMO
650 _aSAO PAULO
773 0 _tBrasil Acucareiro (Brazil)
_xISSN 0006-9167
_g(Oct-Nov 1983), v. 101(1-3) p. 28-30
_wBR9200963
909 _a202311
_bLúcia
_c55
_dLúcia Elande
942 _2AGRIS
_n0
_cANA
999 _c130988
_d130988